Nuevos senderos de la ciencia (Record no. 58994)

MARC details
000 -LEADER
campo de control de longitud fija 00676nam a2200181 i 4500
001 - NÚMERO DE CONTROL
campo de control 58994
003 - IDENTIFICADOR DE NÚMERO DE CONTROL
campo de control ES-MaACL
005 - FECHA Y HORA DE LA ÚLTIMA TRANSACCIÓN
campo de control 20230906163934.0
007 - CAMPO FIJO DE DESCRIPCIÓN FÍSICA--INFORMACIÓN GENERAL
campo de control de longitud fija t|
008 - DATOS DE LONGITUD FIJA--INFORMACIÓN GENERAL
campo de control de longitud fija 031027s1945 sp f |||| | spa d
100 1# - ENTRADA PRINCIPAL--NOMBRE DE PERSONA
Nombre de persona Eddington, Arthur Stanley
Títulos y otros términos asociados al nombre Sir.
9 (RLIN) 46616
245 10 - MENCIÓN DEL TÍTULO
Título Nuevos senderos de la ciencia
Resto del título : (conferencias Messenger 1943) /
Mención de responsabilidad, etc. por Arturo Eddington ; prólogo, traducción y notas de adaptación 1945 de Miguel Masriera.
260 ## - PUBLICACIÓN, DISTRIBUCIÓN, ETC.
Lugar de publicación, distribución, etc. Barcelona :
Nombre del editor, distribuidor, etc. Montaner y Simón,
Fecha de publicación, distribución, etc. 1945.
300 ## - DESCRIPCIÓN FÍSICA
Extensión LXXIX, 346 p., 16 lám. :
Otras características físicas 1 retr. aut. ;
Dimensiones 20 cm.
650 ## - PUNTO DE ACCESO ADICIONAL DE MATERIA--TÉRMINO DE MATERIA
Término de materia o nombre geográfico como elemento de entrada Ciencia-
Subdivisión general Filosofía.
9 (RLIN) 10950
700 1# - ENTRADA AGREGADA--NOMBRE PERSONAL
Nombre de persona Masriera y Rubio, Miguel.
9 (RLIN) 78778
852 ## - LOCALIZACIÓN
Ubicación ES-MaACL
Número de control de estantería B-10057
Holdings
Estatus retirado Estado de pérdida Estado de daño No para préstamo Biblioteca de origen Biblioteca actual Ubicación en estantería Fecha de adquisición Fuente de adquisición Total de préstamos Signatura topográfica completa Código de barras Visto por última vez Precio de reemplazo Tipo de ítem Koha
        Biblioteca del Ateneo de Madrid Biblioteca del Ateneo de Madrid Sala Pardo Bazán 17/01/2008     B-10057 1061884 23/02/2023 23/02/2023 Libro impreso